[Event "Budapest FS05 IM-A"]
[Site "Budapest"]
[Date "2013.05.12"]
[Round "9"]
[White "Radlovacki, Jovan"]
[Black "Silapon, Azta"]
[Result "1-0"]
[WhiteElo "2423"]
[BlackElo "2307"]
[PlyCount "149"]
[EventDate "2013.05.04"]
[EventType "tourn"]
[EventRounds "9"]
[EventCountry "HUN"]
[EventCategory "1"]
[SourceTitle "CBM 154 Extra"]
[Source "ChessBase"]
[SourceDate "2013.06.25"]
[SourceVersion "2"]
[SourceVersionDate "2013.06.25"]
[SourceQuality "1"]

1. d4 d5 2. Nf3 Nf6 3. Bf4 c6 4. e3 Bf5 5. Nh4 Bg4 6. Qc1 h6 7. h3 Bc8 8. Nf3 Bf5 9. Bd3 Bxd3 10. cxd3 Nbd7 11. 0-0 e6 12. Nc3 Be7 13. e4 dxe4 14. dxe4 0-0 15. Re1 Nb6 16. e5 Nh7 17. Ne4 Rc8 18. Nc5 Bxc5 19. Qxc5 Nd5 20. Bd2 Qb6 21. Qa3 c5 22. Bc3 Nxc3 23. bxc3 a6 24. Rab1 Qc6 25. Qa5 b5 26. a4 cxd4 27. cxd4 bxa4 28. Ra1 Ra8 29. Rxa4 Rfd8 30. Rea1 Rd5 31. Qe1 Qb6 32. Qc3 Nf8 33. Nd2 Ng6 34. Ne4 Ne7 35. Nd6 Nc6 36. Qf3 Rf8 37. Rd1 Qb2 38. Qg4 Qb3 39. Raa1 Qb4 40. Rab1 Qa4 41. Ne4 Ra5 42. Rd3 Qc2 43. Rbd1 Ra1 44. Kh2 Rxd1 45. Rxd1 Nb4 46. Rd2 Qc1 47. Re2 Qc7 48. Nf6+ Kh8 49. Re3 Qd8 50. Rg3 g6 51. Ra3 a5 52. Qf4 Kg7 53. Ng4 Qg5 54. Qf6+ Qxf6 55. exf6+ Kh7 56. Rxa5 Nd5 57. Ra7 h5 58. Ne5 Kg8 59. Nd7 Rd8 60. Kg3 Nc3 61. Kf4 Nb5 62. Rb7 Nxd4 63. Ne5 Rf8 64. Kg5 Ne2 65. g3 Nc3 66. f3 Nd5 67. h4 Ne3 68. Nxg6 fxg6 69. Kxg6 Nf5 70. Rd7 Ra8 71. Rh7 Nd6 72. f7+ Nxf7 73. Rxf7 Ra1 74. Rc7 Kf8 75. Kxh5 1-0

[Event "Budapest FS05 IM-A"]
[Site "Budapest"]
[Date "2013.05.11"]
[Round "8"]
[White "Silapon, Azta"]
[Black "Bouzidi, Ahmed"]
[Result "1/2-1/2"]
[WhiteElo "2307"]
[BlackElo "2161"]
[PlyCount "124"]
[EventDate "2013.05.04"]
[EventType "tourn"]
[EventRounds "9"]
[EventCountry "HUN"]
[EventCategory "1"]
[SourceTitle "CBM 154 Extra"]
[Source "ChessBase"]
[SourceDate "2013.06.25"]
[SourceVersion "2"]
[SourceVersionDate "2013.06.25"]
[SourceQuality "1"]

1. e4 Nf6 2. Nc3 d5 3. e5 Nfd7 4. f4 c5 5. Nf3 Nc6 6. Bb5 Nb6 7. d4 cxd4 8. Nxd4 Bd7 9. Be3 e6 10. 0-0 Bc5 11. Kh1 Qe7 12. a3 a6 13. Bxc6 bxc6 14. b4 Nc4 15. Bg1 Ba7 16. Na4 a5 17. c3 0-0 18. Qe2 f6 19. Nf3 Be8 20. h3 fxe5 21. fxe5 Bh5 22. g4 Bg6 23. Bc5 Bxc5 24. Nxc5 axb4 25. axb4 h5 26. Rxa8 Rxa8 27. Qe1 Ra2 28. Qh4 Qxh4 29. Nxh4 Nd2 30. Rf2 Be4+ 31. Nxe4 Ra1+ 32. Kg2 Nxe4 33. Rf3 Ra2+ 34. Kg1 Rc2 35. Ng6 h4 36. Ne7+ Kh7 37. Nxc6 Nxc3 38. Nd8 Ne2+ 39. Kf1 Ng3+ 40. Kg1 Rc1+ 41. Kg2 Re1 42. Nxe6 Rxe5 43. Nd4 Re4 44. Rd3 Re1 45. b5 Ne4 46. b6 Nd6 47. Nb3 Re2+ 48. Kf3 Rb2 49. Kf4 Rf2+ 50. Ke3 Rf7 51. Rxd5 Nc4+ 52. Ke4 g6 53. Nd2 Nxb6 54. Rd6 Nd7 55. Nf3 Nc5+ 56. Ke3 Re7+ 57. Kf4 Rf7+ 58. Ke3 Re7+ 59. Kd4 Ne4 60. Rc6 Nf2 61. Nxh4 Nxh3 62. Nxg6 Rg7 1/2-1/2

[Event "Budapest FS05 IM-A"]
[Site "Budapest"]
[Date "2013.05.09"]
[Round "6"]
[White "Silapon, Azta"]
[Black "Lyell, Mark"]
[Result "1-0"]
[WhiteElo "2307"]
[BlackElo "2227"]
[PlyCount "101"]
[EventDate "2013.05.04"]
[EventType "tourn"]
[EventRounds "9"]
[EventCountry "HUN"]
[EventCategory "1"]
[SourceTitle "CBM 154 Extra"]
[Source "ChessBase"]
[SourceDate "2013.06.25"]
[SourceVersion "2"]
[SourceVersionDate "2013.06.25"]
[SourceQuality "1"]

1. e4 c6 2. d3 d5 3. Nd2 e5 4. Ngf3 Bd6 5. Be2 f5 6. c3 Nf6 7. Qc2 0-0 8. 0-0 fxe4 9. dxe4 Bg4 10. Re1 Nbd7 11. exd5 cxd5 12. Ng5 e4 13. Nf1 h6 14. f3 Bf5 15. fxe4 Nxe4 16. Nxe4 Bxe4 17. Bd3 Qh4 18. g3 Bc5+ 19. Be3 Qe7 20. Bxe4 dxe4 21. Bd4 Bxd4+ 22. cxd4 Nf6 23. Ne3 Rad8 24. Rad1 Qb4 25. a3 Qb6 26. Qc4+ Kh7 27. Rd2 Rd7 28. Kg2 Rfd8 29. d5 Rc7 30. Qe2 Qb3 31. Red1 Rc5 32. d6 Rd7 33. h3 Qe6 34. Qf2 Rc6 35. Nf5 Qe5 36. Re2 Rc5 37. b4 Rc3 38. Re3 Rxe3 39. Nxe3 b5 40. Qf4 Qb2+ 41. Kg1 Qxa3 42. Ng4 Qf3 43. Qxf3 exf3 44. Ne5 Rd8 45. d7 Kg8 46. Kf2 Ne4+ 47. Kxf3 Ng5+ 48. Kg4 Nh7 49. Kf5 Nf8 50. Ke4 Nh7 51. Rd6 1-0

[Event "Budapest FS05 IM-A"]
[Site "Budapest"]
[Date "2013.05.08"]
[Round "5"]
[White "Petran, Pal"]
[Black "Silapon, Azta"]
[Result "1-0"]
[WhiteElo "2317"]
[BlackElo "2307"]
[PlyCount "91"]
[EventDate "2013.05.04"]
[EventType "tourn"]
[EventRounds "9"]
[EventCountry "HUN"]
[EventCategory "1"]
[SourceTitle "CBM 154 Extra"]
[Source "ChessBase"]
[SourceDate "2013.06.25"]
[SourceVersion "2"]
[SourceVersionDate "2013.06.25"]
[SourceQuality "1"]

1. c4 d6 2. Nf3 g6 3. d4 Bg7 4. Nc3 Bg4 5. e3 e5 6. dxe5 dxe5 7. Qxd8+ Kxd8 8. Be2 c6 9. 0-0 Nd7 10. Rd1 Kc7 11. Rb1 Bxf3 12. gxf3 f5 13. b3 Ngf6 14. Na4 Rhe8 15. Bb2 Bf8 16. Bc3 a6 17. Nb2 a5 18. Na4 b6 19. Bb2 Rad8 20. h3 Nh5 21. Bc3 Bb4 22. Bb2 Nhf6 23. a3 Bd6 24. Ra1 Nc5 25. Nxc5 Bxc5 26. Rxd8 Kxd8 27. f4 Nd7 28. fxe5 Nxe5 29. b4 Bd6 30. Bc3 Bc7 31. Rb1 axb4 32. axb4 Nd7 33. Bf3 Be5 34. Bd4 Kc7 35. Ra1 Rc8 36. Ra7+ Kd6 37. Rxd7+ Kxd7 38. Bxe5 Re8 39. Bd4 c5 40. bxc5 bxc5 41. Bc3 Kd6 42. Bd5 g5 43. Kg2 Re7 44. Bf6 Ra7 45. Kg3 h6 46. h4 1-0

[Event "Antalya op"]
[Site "Antalya"]
[Date "2002.02.24"]
[Round "3"]
[White "Atakisi, Umut"]
[Black "Silapon, Azta"]
[Result "1-0"]
[WhiteElo "2311"]
[BlackElo "2220"]
[PlyCount "45"]
[EventDate "2002.02.22"]
[EventType "swiss"]
[EventRounds "9"]
[EventCountry "TUR"]
[SourceTitle "CBM 086 Extra"]
[Source "ChessBase"]
[SourceDate "2002.03.14"]
[SourceVersion "1"]
[SourceVersionDate "2002.03.14"]
[SourceQuality "1"]

1. e4 d6 2. d4 g6 3. Nc3 Bg7 4. Be3 Nf6 5. Qd2 Nc6 6. d5 Nb8 7. Nf3 Nbd7 8. Bh6 0-0 9. h4 Nc5 10. Bd3 e6 11. Bxg7 Kxg7 12. h5 Nxh5 13. g4 Nxd3+ 14. cxd3 Qf6 15. 0-0-0 Qxf3 16. gxh5 Kf6 17. hxg6 hxg6 18. e5+ Ke7 19. Qg5+ f6 20. Rh7+ Rf7 21. Qxg6 fxe5 22. Rdh1 Ke8 23. dxe6 1-0